00699nam a22001697a 4500003000900000008004100009040007100050082002200121100002300143245016800166260001800334300002800352505008000380650002800460650002600488650001500514AR-CdUCM190408b ||||| |||| 00| 0 spa d aMUNICIPALIDAD PROVINCIAL DEL CUSCOcBIBLIOTECA MUNICIPAL DEL CUSCO a342 /bB84 / 1938 aBrown Scott, James aConferencias del presidente del instituto americano de derecho internacional Dr. James Brown Scott :bPreparadas en homenaje a la Universidad Mayor de San Marcos / aLima :c1938. a178 páginas ;c23 cm. aContenido: Conferencias del Dr. en derecho internacional James Brown Scott. aConferencias en derecho aDerecho internacional aSan Marcos